000
00211 a2200097 4500
001
47247
100
_a
Marshal,
245
_a
The Third Service
260
_a
London
_b
Thames and Hudson
_c
090
_c
30293
_d
30293
942
_a
NUST-CAE
_c
M
_c
22551
999
_c
282320
_d
282320